| 000 | 00571nam a22002057a 4500 | ||
|---|---|---|---|
| 003 | OSt | ||
| 005 | 20140310182819.0 | ||
| 008 | 130302t xxu||||| |||| 00| 0 eng d | ||
| 020 | _a9789810697587 | ||
| 050 |
_aQA 152.3 _b.L534 2006 |
||
| 082 |
_aM512.9 .L693 2008 _b.L534 2006 |
||
| 245 |
_aIntermediate algebra _cLial, Margaret L., Hornsby, John, McGinnis, Terry |
||
| 260 |
_aBoston _bPearson Addison Wesley _c2006 |
||
| 300 |
_a805 p. _c23 cm. |
||
| 521 | _acollege students | ||
| 526 | _c1210L-1700L | ||
| 541 | _j1 | ||
| 562 | _e1 | ||
| 942 |
_2lcc _cBK _kM |
||
| 999 |
_c16338 _d16338 |
||